| 000 | 01002nam a2200313 i 4500 | ||
|---|---|---|---|
| 999 |
_c200452029 _d70241 |
||
| 001 | 200452029 | ||
| 003 | TR-AnTOB | ||
| 005 | 20230220100952.0 | ||
| 007 | ta | ||
| 008 | 900420s1977 tu i000 0 tur | ||
| 035 | _a(TR-AnTOB)200452029 | ||
| 040 |
_aTR-AnTOB _beng _erda _cTR-AnTOB |
||
| 041 | 0 | _atur | |
| 050 | 4 |
_aQ180.55.M4 _bT46 1977 |
|
| 090 |
_aQ180.55.M4 _bT46 1977 |
||
| 245 | 0 | 0 |
_aTemel ve uygulamalı bilimler araştırma projesi hazırlama rehberi : _b(öğrenciler için). |
| 264 | 1 |
_aAnkara : _bTBTAK Bilim Adamı Yetiştirme Grubu, _c1977. |
|
| 300 |
_a36 pages : _billustrations ; _c23 cm |
||
| 336 |
_atext _btxt _2rdacontent |
||
| 337 |
_aunmediated _bn _2rdamedia |
||
| 338 |
_avolume _bnc _2rdacarrier |
||
| 504 | _aBIB | ||
| 650 | 7 |
_aAraştırma _xMetodoloji _2etuturkob _97173 |
|
| 710 | 2 |
_aTürkiye Bilimsel ve Teknik Araştırma Kurumu _9139396 |
|
| 740 | 0 | _aNihon, katsuryokuaru Nihon. | |
| 942 |
_2lcc _cBK |
||